Kitāb al-ishtiqāq wa-al-taʻrīb : yabḥath fī mā yaʻriḍ li-al-lughah al-ʻArabīyah min takāthur kalimātihā bi-wāsiṭatay al-ishtiqāq wa-al-taʻrīb, wa-inna hādhā al-akhīr ṭabīʻī fī lughatinā wa-fī ghayrihā min al-lughāt wa-anna istiʻmāl al-muʻarrib lā yaḥuṭṭu min qadri faṣāḥat al-kalām wa-al-istishhād ʻalá dhālik /

Saved in:

Main Author: Maghribī, ʿAbd al-Qādir, 1867-1956 (Author)

Format: Book

Language: Arabic

Published: Miṣr : Maṭbaʻat al-Hilāl, 1908.

Subjects:

Tags: Add Tag

No Tags, Be the first to tag this record!

Call Number: PJ6172 .M3 1908

LEADER 02164nam a2200265Ia 4500
003 OSt
005 20230926115740.0
008 130303s1908 ua 000 0 ara d
952 |0 0  |1 0  |2 lcc  |4 0  |6 PJ6172 M3 01908  |7 1  |9 50251  |a ARCE  |b ARCE  |d 2023-09-26  |l 0  |o PJ6172 .M3 1908  |p 1026762  |r 2023-09-26 00:00:00  |w 2023-09-26  |y BK 
999 |c 30410  |d 30410 
010 |a 2019418729 
040 |c ARCE Library 
050 4 |a PJ6172 .M3 1908 
100 1 |6 880-01  |a Maghribī, ʿAbd al-Qādir,  |d 1867-1956,  |e author 
245 1 0 |6 880-02  |a Kitāb al-ishtiqāq wa-al-taʻrīb :  |b yabḥath fī mā yaʻriḍ li-al-lughah al-ʻArabīyah min takāthur kalimātihā bi-wāsiṭatay al-ishtiqāq wa-al-taʻrīb, wa-inna hādhā al-akhīr ṭabīʻī fī lughatinā wa-fī ghayrihā min al-lughāt wa-anna istiʻmāl al-muʻarrib lā yaḥuṭṭu min qadri faṣāḥat al-kalām wa-al-istishhād ʻalá dhālik /  |c Taʼlīf ʻAbd al-Qādir ibn Muṣṭafá al-Maghribī. 
264 1 |a Miṣr :   |b Maṭbaʻat al-Hilāl,   |c 1908. 
300 |a 146 pages ;  |c 19 cm. 
650 0 |a Arabic language  |x Etymology. 
650 0 |a Arabic language  |x Foreign words and phrases. 
650 0 |a Arabic language  |x Word formation. 
740 0 |a Ishtiqāq wa-al-taʻrīb. 
880 1 |6 100-01/(3/r  |a مغربي، عبد القادر،‪‪‪‪‪‪‪‪‪‪‪‪‪‪‪‪‪‪‪‪‪‪‪‪‪‪‪‪‪‪‪‪‪‪‪‪‪‪‪‪‪‪‪‪‪‪‪‪‪‪‪‪‪‪‪‪‪‪‪  |d 1867-1956. 
880 1 0 |6 245-02/(3/r  |a كتاب الإشتقاق و التعريب :   |b يبحث في ما يعرض للغة العربية من تكاثر كلماتها بواسطتي الإشتقاق و التعريب، وأن هذا الأخير طبيعي في لغتنا وفي غيرها من اللغات وأن إستعمال المعرب لا يحط من قدر فصاحة الكلام و الإستشهاد على ذلك   |c تأليف عبد القادر بن مصطفى المغربي.‪‪‪‪‪‪‪‪‪‪‪‪‪‪‪‪‪‪‪‪‪‪‪‪‪‪‪‪‪‪‪‪‪‪‪‪‪‪‪‪‪‪‪‪‪‪‪‪‪‪‪‪‪‪‪‪‪‪‪ 
901 |a reviewed 
942 |c BK  |2 lcc